000 00650nam a2200205 a 4500
001 000018816
005 20200929165849.0
008 100519s1988 cu r 000 p spa d
040 _aDO-SdBNP
_bspa
_cBNPHU
082 _aCu861.44
_bM538c
100 1 _aMéndez, Roberto,
_d1958-
_940568
245 1 0 _aCarta de relación :
_bpoesía /
_cRoberto Méndez Martínez ; edición Margarita Canet.
260 _aLa Habana, Cuba :
_bLetras Cubanas,
_c1988.
300 _a73 [4] p. ;
_c18 cm.
490 1 _aEspiral
650 4 _aPoesía cubana
_95226
650 4 _aLiteratura cubana
_91483
700 1 _aCanet, Margarita
_eed.
_938026
830 0 _aEspiral
_914718
999 _c18336
_d18336